Представление документа в формате MARC21

ПолеНазваниеЗначение
  Тип записи a
  Библиографический уровень m
001 Контрольный номер BIBLIOCLUB\0000718147
005 Дата корректировки 20260430154902.5
006 m o d
007 Элементы данных для физической характеристики c|||||||||||||
008 Кодируемые данные s2024 rus o rus d
041 Код языка издания 0_
a Код языка текста rus
084 Индекс другой классификации/Индекс ББК __
a Индекс другой классификации/Индекс ББК 16.2я73
b Номер единицы LBC/PL
2 Источник индекса rubbk
084 Индекс другой классификации/Индекс ББК __
a Индекс другой классификации/Индекс ББК 32.97я73
b Номер единицы LBC/PL
2 Источник индекса rubbk
100 Автор 1_
a Автор Алтухова С. О.
245 Заглавие 10
a Заглавие Информатика
b Продолж. заглавия практикум
c Ответственность С. О. Алтухова, З. А. Кононова
n Номер части/ раздела Ч. 1
250 Сведения об издании __
a Основные сведения об издании 2-е изд., доп. и перераб.
260 Выходные данные __
a Место издания Липецк
b Издательство Липецкий государственный педагогический университет им. П.П. Семенова-Тян-Шанского
c Дата издания 2024
300 Физическое описание __
a Объем 93 с.
b Иллюстрации/ тип воспроизводства ил., табл.
504 Библиография __
a Библиография Библиогр. в кн
653 Ключевые слова 1_
a Ключевые слова Учебник для высшей школы
700 Другие авторы _1
a Другие авторы Кононова З. А.
856 Электронный адрес документа 40
3 Область применения данных поля Университетская библиотека ONLINE
u URL https://biblioclub.ru/index.php?page=book&id=718147
900 Электронные ресурсы __
a Имя электронного ресурса https://img.biblioclub.ru/sm_cover/738635f9c2f0a10c1026dad849d6a617bmss7zkc2i/cover.jpg